[Event "World ol U16"]
[Site "Gyor"]
[Date "2014.12.20"]
[Round "9.2"]
[White "Puccini, Jack"]
[Black "Al Bashayra, Yazan"]
[Result "1-0"]
[WhiteElo "2188"]
[BlackElo "1780"]
[PlyCount "65"]
[EventDate "2014.12.13"]
[EventType "team-swiss"]
[EventRounds "10"]
[EventCountry "HUN"]
[SourceTitle "EXT 2016"]
[Source "ChessBase"]
[SourceDate "2015.10.08"]
[SourceVersion "1"]
[SourceVersionDate "2015.10.08"]
[SourceQuality "1"]
[WhiteTeam "Australia"]
[BlackTeam "Jordan"]
[WhiteTeamCountry "AUS"]
[BlackTeamCountry "JOR"]

1. e4 c5 2. d4 cxd4 3. c3 d3 4. Bxd3 Nc6 5. c4 d6 6. h3 g6 7. Nf3 Bg7 8. 0-0 Bd7 9. Nc3 Nf6 10. Be3 0-0 11. Rc1 b6 12. Qe2 Rc8 13. b3 Nb4 14. Bb1 h6 15. Rfd1 Qe8 16. Nd4 Na6 17. f4 Nc7 18. Nf3 Nh7 19. Qf2 f5 20. e5 dxe5 21. Nxe5 Bxe5 22. fxe5 Kg7 23. Qd2 f4 24. Bxf4 g5 25. Bxg5 Nxg5 26. Qxd7 Qh5 27. Rf1 Nce6 28. Qd3 Nf4 29. Qg3 Kh8 30. Rxf4 Rxf4 31. Qxf4 Nxh3+ 32. gxh3 Rg8+ 33. Kh2 1-0